[Event "Bournemouth op"]
[Site "Bournemouth"]
[Date "2012.04.21"]
[Round "3"]
[White "Cutmore, David A"]
[Black "Coburn, Joseph A"]
[Result "1/2-1/2"]
[WhiteElo "2045"]
[BlackElo "1792"]
[PlyCount "67"]
[EventDate "2012.04.20"]
[EventType "swiss"]
[EventRounds "5"]
[EventCountry "ENG"]
[SourceTitle "CBM 148 Extra"]
[Source "ChessBase"]
[SourceDate "2012.06.22"]
[SourceVersion "1"]
[SourceVersionDate "2012.06.22"]
[SourceQuality "1"]

1. d4 Nf6 2. c4 d6 3. Nc3 Bf5 4. Nf3 g6 5. Ng5 h6 6. e4 Bg4 7. Nf3 Nc6 8. Be3 Bg7 9. Qd2 e5 10. d5 Bxf3 11. gxf3 Nd4 12. Bg2 Nh5 13. Ne2 Nxe2 14. Kxe2 Nf4+ 15. Bxf4 exf4 16. Qxf4 Bxb2 17. Rab1 Be5 18. Qd2 b6 19. f4 Bg7 20. Rb3 0-0 21. h4 Qf6 22. h5 Rae8 23. Rg3 Re7 24. f3 Kh7 25. Bf1 Qd4 26. Qxd4 Bxd4 27. Kd2 Bf6 28. Bd3 Rg8 29. Rhg1 Bh4 30. R3g2 g5 31. f5 f6 32. Kc3 a5 33. Kb3 Ra8 34. Ka4 1/2-1/2

[Event "Paington op"]
[Site "Paignton"]
[Date "2011.09.07"]
[Round "4"]
[White "Wynarczyk, Raymond"]
[Black "Cutmore, David A"]
[Result "1-0"]
[WhiteElo "1923"]
[BlackElo "2055"]
[PlyCount "68"]
[EventDate "2011.09.04"]
[EventType "swiss"]
[EventRounds "7"]
[EventCountry "ENG"]
[SourceTitle "CBM 144 Extra"]
[Source "ChessBase"]
[SourceDate "2011.10.28"]
[SourceVersion "1"]
[SourceVersionDate "2011.10.28"]
[SourceQuality "1"]

1. e4 Nf6 2. Nc3 e6 3. d4 c5 4. Nf3 cxd4 5. Nxd4 Nc6 6. Ndb5 Bb4 7. a3 Bxc3+ 8. Nxc3 d5 9. exd5 exd5 10. Bg5 d4 11. Qe2+ Be6 12. Ne4 Qb6 13. Bxf6 Qxb2 14. Qd1 gxf6 15. Qb1 Qxb1+ 16. Rxb1 0-0-0 17. Nxf6 Rd6 18. Ne4 Rd5 19. Bd3 Rg8 20. 0-0 f5 21. Nf6 Ra5 22. Nxg8 Bxg8 23. Rfe1 Bf7 24. a4 a6 25. Rb6 Kc7 26. Reb1 Nd8 27. R6b4 Bd5 28. Rxd4 Ne6 29. Rh4 Kd6 30. Bxf5 Nc5 31. Rd1 Ke5 32. Bxh7 Nxa4 33. Rh5+ Kd6 34. c4 Nc3 1-0

[Event "Paington op"]
[Site "Paignton"]
[Date "2011.09.06"]
[Round "3"]
[White "Cutmore, David A"]
[Black "Simons, Martin J"]
[Result "1/2-1/2"]
[WhiteElo "2055"]
[BlackElo "2161"]
[PlyCount "34"]
[EventDate "2011.09.04"]
[EventType "swiss"]
[EventRounds "7"]
[EventCountry "ENG"]
[SourceTitle "CBM 144 Extra"]
[Source "ChessBase"]
[SourceDate "2011.10.28"]
[SourceVersion "1"]
[SourceVersionDate "2011.10.28"]
[SourceQuality "1"]

1. d4 Nc6 2. c4 e5 3. d5 Nce7 4. Nc3 Ng6 5. Qa4 c6 6. e3 Nf6 7. h4 h5 8. Nf3 Qc7 9. Bd3 Ne7 10. dxc6 dxc6 11. e4 Ng6 12. Bd2 Nd7 13. Be2 Nc5 14. Qc2 Bg4 15. 0-0-0 0-0-0 16. Be3 Be7 17. g3 Qa5 1/2-1/2

[Event "Paington op"]
[Site "Paignton"]
[Date "2011.09.04"]
[Round "1"]
[White "Cutmore, David A"]
[Black "Berry, Stephen"]
[Result "0-1"]
[WhiteElo "2055"]
[BlackElo "2320"]
[PlyCount "82"]
[EventDate "2011.09.04"]
[EventType "swiss"]
[EventRounds "7"]
[EventCountry "ENG"]
[SourceTitle "CBM 144 Extra"]
[Source "ChessBase"]
[SourceDate "2011.10.28"]
[SourceVersion "1"]
[SourceVersionDate "2011.10.28"]
[SourceQuality "1"]

1. d4 Nf6 2. c4 e6 3. Nc3 Bb4 4. f3 d5 5. a3 Be7 6. e4 dxe4 7. fxe4 e5 8. d5 Bc5 9. Be2 Ng4 10. Bxg4 Qh4+ 11. g3 Qxg4 12. Qxg4 Bxg4 13. Nb5 Na6 14. b4 Be7 15. Be3 0-0 16. Ra2 Bh5 17. h3 Bg6 18. Nc3 c5 19. b5 Nb8 20. Nf3 Nd7 21. g4 Bd8 22. Re2 Ba5 23. Bd2 a6 24. bxa6 bxa6 25. 0-0 Rab8 26. Nd1 Bxd2 27. Nxd2 f6 28. Rf3 Rb7 29. Kg2 Rfb8 30. Rg3 Nb6 31. Rb3 Be8 32. Nb2 Nxd5 33. Rxb7 Rxb7 34. Nd3 Nc3 35. Re3 Na4 36. Nc1 Kf8 37. Rd3 Ke7 38. Kf3 Bf7 39. Rb3 Rxb3+ 40. Ncxb3 Kd6 41. Na5 Kc7 0-1

[Event "London Classic op"]
[Site "London"]
[Date "2009.12.10"]
[Round "3"]
[White "Cutmore, David A"]
[Black "Stephan, Axel"]
[Result "0-1"]
[WhiteElo "2054"]
[BlackElo "2225"]
[PlyCount "76"]
[EventDate "2009.12.08"]
[EventType "swiss"]
[EventRounds "9"]
[EventCountry "ENG"]
[SourceTitle "CBM 133 Extra"]
[Source "ChessBase"]
[SourceDate "2010.01.05"]
[SourceVersion "1"]
[SourceVersionDate "2010.01.05"]
[SourceQuality "1"]

1. d4 Nf6 2. c4 g6 3. Nc3 d5 4. Nf3 Bg7 5. Qb3 dxc4 6. Qxc4 0-0 7. e4 Bg4 8. Be2 Nfd7 9. Be3 Nb6 10. Qc5 N8d7 11. Qa3 Bxf3 12. gxf3 e5 13. d5 f5 14. h4 f4 15. Bd2 h5 16. 0-0-0 Bf6 17. d6 c6 18. Rdg1 Kh7 19. Na4 Bxh4 20. Rg2 Bf6 21. Nc5 Nxc5 22. Qxc5 Bg7 23. Bd1 Nd7 24. Qc4 Rf6 25. Bb3 Nb6 26. Qf1 Qxd6 27. Qg1 Qe7 28. Bc3 c5 29. Rg5 Rc6 30. Bd5 Nxd5 31. exd5 Rd6 32. Qg4 Re8 33. Bxe5 Bxe5 34. Rhxh5+ gxh5 35. Qf5+ Kh8 36. Rxh5+ Kg8 37. Qg4+ Bg7 38. Qf5 Qe1+ 0-1

[Event "London Classic op"]
[Site "London"]
[Date "2009.12.09"]
[Round "2"]
[White "Cutmore, David A"]
[Black "Shaw, Robin A"]
[Result "1-0"]
[WhiteElo "2054"]
[BlackElo "1822"]
[PlyCount "55"]
[EventDate "2009.12.08"]
[EventType "swiss"]
[EventRounds "9"]
[EventCountry "ENG"]
[SourceTitle "CBM 133 Extra"]
[Source "ChessBase"]
[SourceDate "2010.01.05"]
[SourceVersion "1"]
[SourceVersionDate "2010.01.05"]
[SourceQuality "1"]

1. d4 f5 2. Nc3 Nf6 3. Bg5 d5 4. f3 e6 5. e4 Be7 6. Nh3 0-0 7. exf5 exf5 8. Qd2 c6 9. Bd3 Qb6 10. 0-0-0 Qxd4 11. Qe2 Qb4 12. a3 Qd6 13. Rde1 Bd8 14. Bf4 Qd7 15. Nd1 b5 16. Ne3 g6 17. Rhg1 Bb6 18. Nf2 Na6 19. Bg5 Nc5 20. g4 fxg4 21. Bxf6 Nxd3+ 22. Qxd3 Rxf6 23. Nfxg4 Rxf3 24. Qd1 Rf4 25. Nh6+ Kg7 26. Qd2 Rf3 27. Neg4 Bc7 28. Qd4+ 1-0

[Event "West of England op"]
[Site "Exmouth"]
[Date "2009.04.13"]
[Round "7"]
[White "Taylor, Graham C"]
[Black "Cutmore, David A"]
[Result "1/2-1/2"]
[WhiteElo "2160"]
[BlackElo "1960"]
[PlyCount "61"]
[EventDate "2009.04.10"]
[EventType "swiss"]
[EventRounds "7"]
[EventCountry "ENG"]
[SourceTitle "EXT 2011"]
[Source "ChessBase"]
[SourceDate "2010.11.26"]
[SourceVersion "1"]
[SourceVersionDate "2010.11.26"]
[SourceQuality "1"]

1. e4 Nf6 2. e5 Nd5 3. d4 d6 4. c4 Nb6 5. exd6 cxd6 6. Nc3 g6 7. Be3 Bg7 8. Bd3 Nc6 9. Nge2 0-0 10. a3 d5 11. c5 Nc4 12. b4 Nxe3 13. fxe3 e5 14. 0-0 exd4 15. exd4 Nxd4 16. Rc1 Bg4 17. h3 Bxe2 18. Nxe2 Qg5 19. Kh1 Ne6 20. Rc2 Rfe8 21. Rf3 Re7 22. Qf1 Qe5 23. a4 Rc8 24. a5 Bh6 25. a6 Rb8 26. axb7 Rbxb7 27. b5 Rbc7 28. c6 Nd4 29. Nxd4 Qxd4 30. Ra2 Qb4 31. Qf2 1/2-1/2

[Event "Paington op"]
[Site "Paington"]
[Date "2008.09.06"]
[Round "7"]
[White "Collier, David"]
[Black "Cutmore, David A"]
[Result "1/2-1/2"]
[WhiteElo "2093"]
[BlackElo "2031"]
[PlyCount "95"]
[EventDate "2008.08.31"]
[EventType "swiss"]
[EventRounds "7"]
[EventCountry "ENG"]
[SourceTitle "EXT 2010"]
[Source "ChessBase"]
[SourceDate "2010.11.25"]
[SourceVersion "1"]
[SourceVersionDate "2010.11.25"]
[SourceQuality "1"]

1. d4 Nf6 2. Bg5 c5 3. Bxf6 gxf6 4. d5 Qb6 5. Qc1 f5 6. g3 Bg7 7. c3 Na6 8. Bg2 Nc7 9. Nh3 Qh6 10. Nd2 d6 11. Nf4 Bd7 12. Qc2 b5 13. 0-0 0-0 14. Rfe1 Kh8 15. Rad1 Rad8 16. Nf1 Rc8 17. a4 a6 18. axb5 axb5 19. Ra1 e5 20. dxe6 fxe6 21. Ra7 e5 22. Rxc7 exf4 23. gxf4 Qxf4 24. Qd3 Rf6 25. Qg3 Qh6 26. f4 Rg6 27. Qf3 Be6 28. Ra1 Rg8 29. Ra8 Bf8 30. Ng3 Qh4 31. Raa7 Rh6 32. Nf1 d5 33. e3 d4 34. cxd4 cxd4 35. Rc6 dxe3 36. Nxe3 Qxh2+ 37. Kf1 Bc4+ 38. Nxc4 Rxc6 39. Qxc6 Qxf4+ 40. Ke2 Qg4+ 41. Bf3 Qxc4+ 42. Qxc4 bxc4 43. Bd5 Bc5 44. Bxg8 Bxa7 45. Bxc4 Kg7 46. Be6 f4 47. Kf3 Be3 48. b4 1/2-1/2

[Event "Paington op"]
[Site "Paington"]
[Date "2008.09.03"]
[Round "4"]
[White "Cutmore, David A"]
[Black "Hurwitz, Ed"]
[Result "1/2-1/2"]
[WhiteElo "2031"]
[BlackElo "2073"]
[PlyCount "47"]
[EventDate "2008.08.31"]
[EventType "swiss"]
[EventRounds "7"]
[EventCountry "ENG"]
[SourceTitle "EXT 2010"]
[Source "ChessBase"]
[SourceDate "2010.11.25"]
[SourceVersion "1"]
[SourceVersionDate "2010.11.25"]
[SourceQuality "1"]

1. d4 d6 2. c4 e5 3. Nf3 e4 4. Ng5 f5 5. g3 Nf6 6. Bg2 Be7 7. Nc3 0-0 8. Nh3 c6 9. 0-0 Na6 10. f3 c5 11. d5 exf3 12. exf3 Nc7 13. Re1 Re8 14. b3 Bd7 15. a4 Nh5 16. Ne2 Bf6 17. Ra2 g6 18. Kh1 Na6 19. Nef4 Ng7 20. Nd3 Rxe1+ 21. Qxe1 Qf8 22. Re2 Rd8 23. Bg5 Nc7 24. Bf1 1/2-1/2

[Event "Paignton op"]
[Site "Paignton"]
[Date "2007.09.04"]
[Round "3"]
[White "Cutmore, David A"]
[Black "Brown, Alan M"]
[Result "0-1"]
[WhiteElo "2043"]
[BlackElo "2136"]
[PlyCount "68"]
[EventDate "2007.09.02"]
[EventType "swiss"]
[EventRounds "7"]
[EventCountry "ENG"]
[SourceTitle "EXT 2008"]
[Source "ChessBase"]
[SourceDate "2007.11.25"]
[SourceVersion "1"]
[SourceVersionDate "2007.11.25"]
[SourceQuality "1"]

1. d4 Nf6 2. c4 e6 3. Nf3 Bb4+ 4. Nbd2 0-0 5. a3 Bxd2+ 6. Qxd2 d6 7. g3 Nbd7 8. Bg2 c5 9. b4 Rb8 10. Qd3 b6 11. Bf4 Ne8 12. dxc5 bxc5 13. 0-0 e5 14. Ng5 Nef6 15. Bd2 h6 16. Nh3 Nb6 17. Rac1 Be6 18. e4 Qc8 19. g4 Bxg4 20. f4 Nxe4 21. Bxe4 Bxh3 22. Rf3 Be6 23. f5 Bxc4 24. Rxc4 Nxc4 25. Qxc4 cxb4 26. Qf1 d5 27. Bb1 bxa3 28. Rg3 Qc6 29. Ba2 Rb2 30. f6 Rxd2 31. Rxg7+ Kh8 32. Bb1 e4 33. Rh7+ Kxh7 34. Qf5+ Kh8 0-1

[Event "Paignton op"]
[Site "Paignton"]
[Date "2007.09.03"]
[Round "2"]
[White "Cutmore, David A"]
[Black "Cooper, Lawrence"]
[Result "1/2-1/2"]
[WhiteElo "2043"]
[BlackElo "2305"]
[PlyCount "82"]
[EventDate "2007.09.02"]
[EventType "swiss"]
[EventRounds "7"]
[EventCountry "ENG"]
[SourceTitle "EXT 2008"]
[Source "ChessBase"]
[SourceDate "2007.11.25"]
[SourceVersion "1"]
[SourceVersionDate "2007.11.25"]
[SourceQuality "1"]

1. d4 Nf6 2. c4 e6 3. Nc3 Bb4 4. f3 c5 5. d5 0-0 6. e4 d6 7. Nge2 exd5 8. cxd5 Nbd7 9. Ng3 Re8 10. Be2 a6 11. 0-0 b5 12. a4 bxa4 13. Qxa4 Nb6 14. Qb3 a5 15. Bb5 c4 16. Qc2 Bc5+ 17. Kh1 Bd7 18. Bxd7 Nfxd7 19. Nd1 Ne5 20. Be3 Qc8 21. Qc3 Bb4 22. Qc2 Qd8 23. Bd4 Rc8 24. Nf5 f6 25. Qf2 Nbd7 26. Qg3 g6 27. Bc3 Qb6 28. Nd4 Bxc3 29. bxc3 Nf8 30. Qh4 Ned7 31. Ne3 f5 32. Rae1 fxe4 33. fxe4 Ne5 34. Rb1 Qd8 35. Qg3 Kh8 36. h4 Qe7 37. h5 Qg7 38. Qh3 Qh6 39. g4 Nd3 40. Qf3 Qg5 41. Nb5 Qh4+ 1/2-1/2

[Event "BCF-chT2 0506 (4NCL)"]
[Site "Birmingham"]
[Date "2006.01.15"]
[Round "6.7"]
[White "Baruch, Andrew JD"]
[Black "Cutmore, David A"]
[Result "1-0"]
[WhiteElo "2056"]
[BlackElo "2093"]
[PlyCount "71"]
[EventDate "2005.10.22"]
[EventType "team"]
[EventRounds "11"]
[EventCountry "ENG"]
[SourceTitle "EXT 2007"]
[Source "ChessBase"]
[SourceDate "2006.11.23"]
[SourceVersion "1"]
[SourceVersionDate "2006.11.23"]
[SourceQuality "1"]
[WhiteTeam "Warwicks Select"]
[BlackTeam "Wood Green III"]
[WhiteTeamCountry "ENG"]
[BlackTeamCountry "ENG"]

1. e4 Nf6 2. e5 Nd5 3. d4 d6 4. c4 Nb6 5. exd6 cxd6 6. Nc3 g6 7. Be3 Bg7 8. Rc1 0-0 9. b3 N6d7 10. Nf3 e5 11. Qd2 Nc6 12. Be2 Ne7 13. Bh6 Bxh6 14. Qxh6 Nf5 15. Qd2 Re8 16. dxe5 dxe5 17. Ne4 Qb6 18. c5 Qc6 19. Nd6 Nxd6 20. cxd6 Qb6 21. 0-0 Nf8 22. Bc4 Be6 23. Nxe5 Rad8 24. Rfd1 Nd7 25. Nf3 Nc5 26. Qd4 Qa5 27. h4 Bxc4 28. Rxc4 Ne4 29. d7 Re6 30. Rdc1 Nf6 31. Rc8 Kg7 32. b4 Qa3 33. R1c3 Qb2 34. Rxd8 Qa1+ 35. Kh2 Re4 36. Rg8+ 1-0

[Event "BCF-chT2 0506 (4NCL)"]
[Site "Birmingham"]
[Date "2005.10.23"]
[Round "2.7"]
[White "Dickinson, Timothy R"]
[Black "Cutmore, David A"]
[Result "1-0"]
[WhiteElo "2176"]
[BlackElo "2093"]
[PlyCount "55"]
[EventDate "2005.10.22"]
[EventType "team"]
[EventRounds "11"]
[EventCountry "ENG"]
[SourceTitle "EXT 2007"]
[Source "ChessBase"]
[SourceDate "2006.11.23"]
[SourceVersion "1"]
[SourceVersionDate "2006.11.23"]
[SourceQuality "1"]
[WhiteTeam "Oxford"]
[BlackTeam "Wood Green III"]
[WhiteTeamCountry "ENG"]
[BlackTeamCountry "ENG"]

1. Nc3 Nf6 2. Nf3 d6 3. e4 c5 4. d4 cxd4 5. Nxd4 Nc6 6. Be3 Ng4 7. Bb5 Bd7 8. 0-0 Nxe3 9. fxe3 Ne5 10. Nf3 Bxb5 11. Nxb5 Qb6 12. Nxe5 dxe5 13. Qd5 e6 14. Qxe5 Rc8 15. Qh5 g6 16. Qf3 f5 17. exf5 Qxb5 18. fxg6 Qd7 19. Rad1 Qe7 20. Qe4 e5 21. Rf7 Qe6 22. g7 Bxg7 23. Rxg7 Rf8 24. Rd5 Rf5 25. Rdd7 Qf6 26. h3 Rf1+ 27. Kh2 Rf2 28. Qxb7 1-0

[Event "BCF-chT2 0405 (4NCL)"]
[Site "West Bromwich"]
[Date "2004.11.21"]
[Round "4.7"]
[White "Cutmore, David A"]
[Black "Horton, Justin"]
[Result "1/2-1/2"]
[WhiteElo "2092"]
[BlackElo "2091"]
[PlyCount "33"]
[EventDate "2004.09.18"]
[EventType "team"]
[EventRounds "11"]
[EventCountry "ENG"]
[SourceTitle "EXT 2006"]
[Source "ChessBase"]
[SourceDate "2005.11.24"]
[SourceVersion "1"]
[SourceVersionDate "2005.11.24"]
[SourceQuality "1"]
[WhiteTeam "Wood Green III"]
[BlackTeam "Mindsports"]
[WhiteTeamCountry "ENG"]
[BlackTeamCountry "ENG"]

1. d4 Nf6 2. c4 e6 3. Nc3 Bb4 4. f3 d5 5. a3 Bxc3+ 6. bxc3 c5 7. cxd5 exd5 8. e3 0-0 9. Bd3 Re8 10. Ne2 b6 11. 0-0 Ba6 12. Bxa6 Nxa6 13. Ng3 Nc7 14. Qd3 Ne6 15. Ra2 Rc8 16. Re2 Qc7 17. Bb2 1/2-1/2